Subdivisions les plus grandes du monde - Statistiques

Statistiques générales
  • Ce quiz a été pris 5 362 fois
    5 340 depuis la dernière actualisation
  • Le résultat moyen est 13 sur 50
Réponses sur la Carte
Les réponses sont colorées sur une échelle allant du rouge au vert en fonction du pourcentage des utilisateurs qui les ont devinées à leur premier essai. Vous pouvez retrouver ces pourcentages ci-dessous.
 
Statistiques - réponses
km² Pays Régions % Correct
696 241 Etats-Unis Texas
89%
423 970 Etats-Unis Californie
88%
1 717 856 Etats-Unis Alaska
83%
2 166 086 Danemark Groenland
83%
1 542 056 Canada Québec
79%
1 076 395 Canada Ontario
60%
405 212 Canada Terre-Neuve-et-Labrador
52%
661 848 Canada Alberta
45%
944 735 Canada Colombie-Britannique
43%
1 228 400 Chine Tibet
42%
1 730 648 Australie Queensland
40%
2 038 722 Canada Nunavut
39%
482 443 Canada Yukon
39%
1 420 970 Australie Territoire du Nord
37%
647 797 Canada Manitoba
33%
800 642 Australie Nouvelle-Galles du Sud
33%
651 900 Canada Saskatchewan
33%
1 346 106 Canada Territoires du Nord-Ouest
33%
472 300 Russie Kamtchatka
32%
2 529 875 Australie Australie-Occidentale
26%
1 181 104 Chine Mongolie-Intérieure
25%
1 664 897 Chine Xinjiang
22%
672 522 Arabie Saoudite Ach-Charqiya
20%
983 482 Australie Australie-Méridionale
20%
3 083 523 Russie Sakha
20%
1 559 159 Brésil Amazonas
19%
903 357 Brésil Mato Grosso
19%
485 000 Chine Sichuan
14%
564 692 Brésil Bahia
12%
1 247 690 Brésil Pará
12%
774 846 Russie Irkoutsk
11%
586 528 Brésil Minas Gerais
11%
2 339 700 Russie Krasnoïarsk
10%
587 400 Russie Arkhangelsk
9%
465 464 Russie Magadan
9%
412 000 Arabie Saoudite Riyad
9%
454 000 Chine Gansu
8%
696 700 Chine Qinghai
8%
454 800 Chine Heilongjiang
7%
683 976 Russie Iamalie
7%
787 633 Russie Khabarovsk
7%
416 800 Russie Komis
7%
721 481 Russie Tchoukotka
7%
431 500 Russie Transbaïkalie
6%
667 799 Niger Agadez
5%
534 500 Russie Khantys-Mansis
5%
427 982 Kazakhstan Karaganda
4%
440 098 Egypte Nouvelle-Vallée
4%
483 510 Libye Al-Koufrah
3%
440 176 Mali Taoudénit
3%
Aucun quiz correspondant
Distribution des résultats
% des personnes avec chaque résultat
Percentile par nombre de réponses
Votre historique - résultats
Vous n’avez pas pris ce quiz depuis la dernière actualisation